000 00466nam a22001697a 4500
999 _c12571
_d12571
008 210208b ||||| |||| 00| 0 eng d
020 _a0070353328
082 0 0 _a658.008
_bK828
100 _91023
_aKoontz, Harold
245 1 0 _aManagement: A book of readings
_cby Harold Koontz and Cyril O'donnell
260 _aNew York
_bMcGraw-Hill
_c1972
300 _axii, 816p.
365 _d60.00
650 0 _aManagement
700 _91024
_aO'donnell, Cyril
942 _cBK